Исследование напряжений в валках и полосе при листовой прокатке: Диссертация на соискание ученой степени кандидата технических наук

Opis bibliograficzny
1. autor: Зима Н. Ф.
Korporacja: Томский политехнический институт (ТПИ)
Kolejni autorzy: Дель Г. Д. (научный руководитель)
Język:rosyjski
Wydane: Томск, 1969
Hasła przedmiotowe:
Format: MixedMaterials Książka
KOHA link:https://koha.lib.tpu.ru/cgi-bin/koha/opac-detail.pl?biblionumber=137534

MARC

LEADER 00000nbm0a2200000 4500
001 137534
005 20231031141103.0
035 |a (RuTPU)RU\TPU\book\149055 
090 |a 137534 
100 |a 20080513d1969 k y0rusy50 ca 
101 0 |a rus 
102 |a RU 
105 |a a m 001zy 
200 1 |a Исследование напряжений в валках и полосе при листовой прокатке  |e Диссертация на соискание ученой степени кандидата технических наук  |f Н. Ф. Зима  |g Томский политехнический институт (ТПИ) ; науч. рук. Г. Д. Дель 
210 |a Томск  |d 1969 
215 |a 138 л.  |c ил. 
320 |a Библиогр.: с. 123 - 138 ( 135 назв.) 
610 1 |a напряжения 
610 1 |a листовая прокатка 
610 1 |a валки 
610 1 |a полосы 
610 1 |a прокатные станы 
610 1 |a поляризационно-оптические методы 
610 1 |a метод электротензометрирования 
610 1 |a прочность 
610 1 |a твердость 
610 1 |a металлы 
610 1 |a исследование 
610 1 |a диссертации 
610 1 |a методика 
675 |a 621.771.41(04)  |v 3 
700 1 |a Зима  |b Н. Ф. 
702 1 |a Дель  |b Г. Д.  |4 727 
712 0 2 |a Томский политехнический институт (ТПИ)  |c (1944-1991)  |2 stltpush  |3 (RuTPU)RU\TPU\col\1123 
801 1 |a RU  |b 63413507  |c 20080513  |g PSBO 
801 2 |a RU  |b 63413507  |c 20150902  |g RCR 
942 |c BK